000 00600nam a2200181 i 4500
001 58948
003 ES-MaACL
007 t|
008 031024s1982 sp ||||1| spa d
245 0 0 _aEconomía y medio ambiente.
260 _aMadrid :
_bCentro de Estudios de Ordenación del Territorio y Medio Ambiente,
_c1982.
300 _a448 p. :
_bil. ;
_c30 cm.
490 1 _aSerie monografías
710 2 _aCentro de Estudios de Ordenación del Territorio y Medio Ambiente (Madrid)
_92623
830 0 _aSerie monografías
_9179418
852 _aES-MaACL
_jL-5851
_bR.103435
999 _c58948
_d58948